000 00584cam a22001814a 4500
020 _a9780896291812 (pbk.)
040 _cDLC
082 0 0 _a363 INT 2010 C145 Or.
245 0 0 _aWorking multisectorally in nutrition :
_bprinciples, practices, and case studies /
260 _aWashington, D.C. :
_bInternational Food Policy Research Institute,
_cc2011.
300 _axxi, 205 p. :
_bill., maps ;
_c23 cm.
650 0 _aNutrition policy.
650 0 _aNutrition policy
650 0 _aNutrition policy
700 1 _aGarrett, James L.
700 1 _aNatalicchio, Marcela.
942 _cAEDBB
999 _c18440
_d18440